La pensin̤ de vejez en Colombia

Bibliographic Details
Main Author: Muǫz Segura, Ana Mara̕
Format: eBook
Language:Spanish
Published: Bogot:̀ Universidad de Los Andes (Colombia), 2019
Subjects:
Online Access:Acceso restringido

MARC

LEADER 00000nam a22000007a 4500
005 20200721233148.0
007 cr|||| ||||
008 200721s2019 co |||||s|||| 00||0 spa d
020 |a 978-958-774-886-4 
035 |a 31851 
040 |a vLex 
090 |c 10671  |d 10671 
100 1 |a Muǫz Segura, Ana Mara̕ 
245 1 2 |a La pensin̤ de vejez en Colombia  |h [Recurso electrn̤ico] /  |c Ana Mara̕ Muǫz Segura 
256 |a Servicio en ln̕ea 
260 |a Bogot:̀  |b Universidad de Los Andes (Colombia),  |c 2019 
300 |a 1 recurso electrn̤ico 
506 1 |a Disponible solo en los productos indicados  |d vLex Global  |d vLex Global (Academic Edition, excluding Law Schools)  |d vLex Global (U.S. Academic Edition, Law Schools)  |d vLex Global (U.S. Academic Edition, excluding Law Schools)  |d vLex Global (Academic Edition, Law Schools) 
650 0 4 |a Derecho Pb︢lico y Administrativo  |z Colombia 
740 0 |a vLex Libros (Servicio en ln̕ea) 
856 4 0 |u http://vlex.com/source/pension-vejez-colombia-31851  |z Acceso restringido 
942 |c BOOK 
999 0 |a Public and Administrative Law